000 00561nam a2200181 i 4500
001 70133
003 ES-MaACL
005 20230906170729.0
007 t|
008 040719s1959 sp ||||1| spa d
100 1 _aGarcía Oviedo, Carlos.
_955069
245 1 0 _aDerecho administrativo /
_cCarlos García Oviedo.
250 _a7ª ed.
_bpor Enrique Martínez Useros.
260 _aMadrid :
_bE.I.S.A.,
_c1959 (
_eMurcia :
_fImp. Provincial)
300 _av. ;
_c23 cm.
700 1 _aMartínez Useros, Enrique.
_978454
852 _aES-MaACL
_jC-17196-7
_bR.45445
999 _c70133
_d70133